World Flags on the Project Hail Mary Patch - Statistics

General Stats
  • This quiz has been taken 49 times
  • The average score is 11 of 12
Answers on the Map
Answers color-coded by a green-red scale on the quiz's map according to % correct below.
 
Answer Stats
Answer % Correct
Brazil
100%
Canada
100%
France
100%
Japan
100%
United Kingdom
100%
United States
100%
Germany
97%
Italy
97%
South Korea
97%
Ireland
95%
Czech Republic
77%
European Union
10%
No matching quizzes found
Score Distribution
Percent of People with Each Score
Percentile by Number Answered
Your Score History
You have not taken this quiz